000 00519nam a22001697a 4500
999 _c62232
_d62232
005 20240827112147.0
008 240827c2001 enk||||| |||| 00| 0 eng d
022 _a0963 8016
041 _aeng
245 _aThe Journal of Political Philosophy /
_cEditor R. E. Goodin.
260 _aBristol,
_c2001.
300 _aV
653 _aპოლიტიკური ფილოსოფია
653 _aპერიოდიკა
700 _aGoodin, R. E.
_eრედაქტორი
_923129
942 _2udc
_cCR